<?xml version="1.0" encoding="UTF-8"?>
<record
    xmlns:xsi="http://www.w3.org/2001/XMLSchema-instance"
    xsi:schemaLocation="http://www.loc.gov/MARC21/slim http://www.loc.gov/standards/marcxml/schema/MARC21slim.xsd"
    xmlns="http://www.loc.gov/MARC21/slim">

  <leader>00769cam a2200217 i 4500</leader>
  <datafield tag="999" ind1=" " ind2=" ">
    <subfield code="c">7412</subfield>
    <subfield code="d">7412</subfield>
  </datafield>
  <controlfield tag="003">OSt</controlfield>
  <controlfield tag="005">20211118123333.0</controlfield>
  <controlfield tag="008">751126s1975    sp a     b    000 0 spa  </controlfield>
  <datafield tag="020" ind1=" " ind2=" ">
    <subfield code="a">8422940256</subfield>
  </datafield>
  <datafield tag="040" ind1=" " ind2=" ">
    <subfield code="a">DLC</subfield>
    <subfield code="c">CDMR</subfield>
  </datafield>
  <datafield tag="245" ind1="0" ind2="0">
    <subfield code="a">Prensa y sociedad en Espa&#xF1;a (1820-1936) /</subfield>
    <subfield code="c">Manuel Tu&#xF1;&#xF3;n de Lara ... [et al. ; ed. a cargo de Manuel Tu&#xF1;&#xF3;n de Lara, Antonio Elorza y Manuel P&#xE9;rez Ledesma].</subfield>
  </datafield>
  <datafield tag="260" ind1=" " ind2=" ">
    <subfield code="a">Madrid :</subfield>
    <subfield code="b">Cuadernos para el Di&#xE1;logo,</subfield>
    <subfield code="c">1975.</subfield>
  </datafield>
  <datafield tag="300" ind1=" " ind2=" ">
    <subfield code="a">290 p&#xE0;gines; </subfield>
    <subfield code="c">21 cm.</subfield>
  </datafield>
  <datafield tag="490" ind1="0" ind2=" ">
    <subfield code="a">Colecci&#xF3;n ITS</subfield>
  </datafield>
  <datafield tag="504" ind1=" " ind2=" ">
    <subfield code="a">Includes bibliographical references.</subfield>
  </datafield>
  <datafield tag="650" ind1=" " ind2="0">
    <subfield code="a">Premsa</subfield>
    <subfield code="z">Espanya</subfield>
    <subfield code="x">Hist&#xF2;ria</subfield>
    <subfield code="9">3729</subfield>
    <subfield code="y">1820-1936</subfield>
  </datafield>
  <datafield tag="700" ind1="2" ind2=" ">
    <subfield code="a">Tu&#xF1;&#xF3;n de Lara, Manuel.</subfield>
  </datafield>
  <datafield tag="700" ind1="1" ind2=" ">
    <subfield code="a">Elorza, Antonio</subfield>
    <subfield code="9">2015</subfield>
  </datafield>
  <datafield tag="700" ind1="2" ind2=" ">
    <subfield code="a">P&#xE9;rez Ledesma, Manuel.</subfield>
  </datafield>
  <datafield tag="942" ind1=" " ind2=" ">
    <subfield code="2">udc</subfield>
    <subfield code="c">MON</subfield>
  </datafield>
  <datafield tag="952" ind1=" " ind2=" ">
    <subfield code="0">0</subfield>
    <subfield code="1">0</subfield>
    <subfield code="4">0</subfield>
    <subfield code="7">0</subfield>
    <subfield code="a">CDMR</subfield>
    <subfield code="b">CDMR</subfield>
    <subfield code="d">2021-11-18</subfield>
    <subfield code="e">Donaci&#xF3;</subfield>
    <subfield code="g">8.00</subfield>
    <subfield code="l">0</subfield>
    <subfield code="o">Dt 13/62</subfield>
    <subfield code="p">CDMR21110028</subfield>
    <subfield code="r">2021-11-18</subfield>
    <subfield code="w">2021-11-18</subfield>
    <subfield code="y">MON</subfield>
  </datafield>
</record>
